000 00344nam a2200145Ia 4500
008 191201s2009 xx 000 0 und d
082 _a005.74
_bELF
100 _aELMASRI, Ramez
245 0 _aFundamentals of Database Systems
250 _aEd.5th
260 _aN.Delhi
_bPHI
_c2009
300 _a1143
650 _aB.Tech(IT)
942 _2ddc
_cBK
999 _c4574
_d4574